| 000 | 00570nam a2200229Ia 4500 | ||
|---|---|---|---|
| 003 | OSt | ||
| 005 | 20220924115907.0 | ||
| 006 | a|||||r|||| 00| 0 | ||
| 007 | ta | ||
| 008 | 220923b |||||||| |||| 00| 0 urd d | ||
| 020 | _c01.00 | ||
| 024 | _a311482 | ||
| 037 | _cTextual | ||
| 040 |
_aARTS _cARTS _burd |
||
| 041 |
_2urd _aurd |
||
| 082 | _aO168,1x(NR), M6 | ||
| 245 | 0 | _aHoligul-e-nau bahar | |
| 260 |
_aDelhi _bHami Islam India _c1986 |
||
| 650 | _aURDU POETRY | ||
| 942 |
_hO168,1x(NR), M6 _cTEXL _2CC |
||
| 999 |
_c400347 _d400347 |
||